|
|
|
|
| LEADER |
00000nam0a2200000 4500 |
| 001 |
164360 |
| 005 |
20231031161221.0 |
| 020 |
|
|
|a RU
|b 91-55288
|
| 035 |
|
|
|a (RuTPU)RU\TPU\book\178313
|
| 090 |
|
|
|a 164360
|
| 100 |
|
|
|a 20090904d1991 k y0rusy5003 ca
|
| 101 |
0 |
|
|a rus
|
| 102 |
|
|
|a UZ
|
| 105 |
|
|
|a a z 001zy
|
| 200 |
1 |
|
|a Автоматизация производства
|e сборник научных трудов
|f Ташкентский государственный технический университет им. Абу Райхана Беруни ; отв. ред. С. С. Касымов
|
| 210 |
|
|
|a Ташкент
|c ТГТУ
|d 1991
|
| 215 |
|
|
|a 155 с.
|c ил.
|d 20 см
|
| 320 |
|
|
|a Библиогр. в конце статей
|
| 610 |
1 |
|
|a производство
|
| 610 |
1 |
|
|a управление
|
| 610 |
1 |
|
|a гибкие производственные системы
|
| 610 |
1 |
|
|a технологические процессы
|
| 610 |
1 |
|
|a моделирование
|
| 610 |
1 |
|
|a математические модели
|
| 610 |
1 |
|
|a контроль
|
| 610 |
1 |
|
|a автоматизированные системы
|
| 610 |
1 |
|
|a оптимальные структуры
|
| 610 |
1 |
|
|a синтез
|
| 610 |
1 |
|
|a автоматизация
|
| 675 |
|
|
|a 658.012.011.56
|z rus
|v 3
|
| 702 |
|
1 |
|a Касымов
|b С. С.
|g Садыкжан Сабирович
|4 340
|
| 712 |
0 |
2 |
|a Ташкентский государственный технический университет им. Абу Райхана Беруни (ТашГТУ)
|2 stltpush
|3 (RuTPU)RU\TPU\col\15669
|
| 801 |
|
0 |
|a RU
|b RuMRKP
|c 19950417
|g psbo
|
| 801 |
|
1 |
|a RU
|b 63413507
|c 20090904
|
| 801 |
|
2 |
|a RU
|b 63413507
|c 20161005
|g RCR
|
| 942 |
|
|
|c BK
|